Empresa y medio ambiente (Registro nro. 5479)
[ vista simple ]
| 000 -LEADER | |
|---|---|
| fixed length control field | 01351 a2200217 4500 |
| 001 - CONTROL NUMBER | |
| control field | 54311 |
| 005 - DATE AND TIME OF LATEST TRANSACTION | |
| control field | 20260407155814.0 |
| 008 - FIXED-LENGTH DATA ELEMENTS--GENERAL INFORMATION | |
| fixed length control field | 260407a1995 arg spa d |
| 003 - CONTROL NUMBER IDENTIFIER | |
| control field | AR-UNSa-BCEJYS |
| 040 ## - CATALOGING SOURCE | |
| Original cataloging agency | AR-UNSa-BCEJYS |
| Language of cataloging | spa |
| Transcribing agency | AR-UNSa-BCEJYS |
| 080 ## - UNIVERSAL DECIMAL CLASSIFICATION NUMBER | |
| Universal Decimal Classification number | 504.06 |
| Common auxiliary subdivision | Protección del medio ambiente. Gestión de la calidad del medio ambiente |
| 020 ## - INTERNATIONAL STANDARD BOOK NUMBER | |
| International Standard Book Number | 84-368-0872-X |
| 100 1# - MAIN ENTRY--PERSONAL NAME | |
| Personal name | Ruesga, Santos M. |
| 245 10 - TITLE STATEMENT | |
| Title | Empresa y medio ambiente |
| 264 #1 - PRODUCTION, PUBLICATION, DISTRIBUTION, MANUFACTURE, AND COPYRIGHT NOTICE | |
| Place of production, publication, distribution, manufacture | Madrid : |
| Name of producer, publisher, distributor, manufacturer | Ediciones Pirámide |
| Date of production, publication, distribution, manufacture, or copyright notice | 1995 |
| 300 ## - PHYSICAL DESCRIPTION | |
| Extent | 293 p. |
| Dimensions | 22 cm. |
| 505 ## - FORMATTED CONTENTS NOTE | |
| Formatted contents note | 1. Algunos conceptos básicos de cología aplicada - 2. Empresa y medio ambiente en el contexto de la economía de mercado - 3. El marco jurídico ambiental para la empresa.La responsabilidad por daños ambientales en la unión europea - 4. el papel de los instrumentos económicos - 5. La inversión en medio ambiente en las empresas españolas - 6. Metodologías para la evaluación de impactos ambientales - 7. Auditorías medioambientales - 8. La gestión del medio ambiente en la empresa industrial - 9. Experiencias españolas (I):El caso Renfe - 10. Experiencias españolas (II):Las industrias aceitera y química - 11. Experiencias españolas (III):La minería a cielo abierto - 12. Experiencias internacionales |
| 590 ## - LOCAL NOTE (RLIN) | |
| Local note | niveau_biblio:m niveau_hierar:0 |
| 700 1# - ADDED ENTRY--PERSONAL NAME | |
| Personal name | Durán, Gemma |
| 942 ## - ADDED ENTRY ELEMENTS (KOHA) | |
| Koha item type | |
| Withdrawn status | Lost status | Damaged status | Not for loan | Home library | Current library | Shelving location | Date acquired | Total checkouts | Full call number | Barcode | Date last seen | Price effective from | Koha item type |
|---|---|---|---|---|---|---|---|---|---|---|---|---|---|
| Biblioteca Prof. Eusebio Cleto del Rey | Biblioteca Prof. Eusebio Cleto del Rey | 07/04/2026 | 504.06 R918 | L85427 | 07/04/2026 | 07/04/2026 | Libro | ||||||
| Biblioteca Prof. Eusebio Cleto del Rey | Biblioteca Prof. Eusebio Cleto del Rey | 07/04/2026 | 504.06 R918 | L85428 | 07/04/2026 | 07/04/2026 | Libro |